<?xml version="1.0" encoding="UTF-8"?><?xml-stylesheet type="text/xsl" href="static/style.xsl"?><OAI-PMH xmlns="http://www.openarchives.org/OAI/2.0/" xmlns:xsi="http://www.w3.org/2001/XMLSchema-instance" xsi:schemaLocation="http://www.openarchives.org/OAI/2.0/ http://www.openarchives.org/OAI/2.0/OAI-PMH.xsd"><responseDate>2026-06-07T23:41:59Z</responseDate><request verb="GetRecord" identifier="oai:docta.ucm.es:20.500.14352/134880" metadataPrefix="marc">https://docta.ucm.es/rest/oai/request</request><GetRecord><record><header><identifier>oai:docta.ucm.es:20.500.14352/134880</identifier><datestamp>2026-04-21T00:02:43Z</datestamp><setSpec>com_20.500.14352_14</setSpec><setSpec>col_20.500.14352_15</setSpec></header><metadata><record xmlns="http://www.loc.gov/MARC21/slim" xmlns:dcterms="http://purl.org/dc/terms/" xmlns:xsi="http://www.w3.org/2001/XMLSchema-instance" xmlns:doc="http://www.lyncode.com/xoai" xsi:schemaLocation="http://www.loc.gov/MARC21/slim http://www.loc.gov/standards/marcxml/schema/MARC21slim.xsd">
   <leader>00925njm 22002777a 4500</leader>
   <datafield ind2=" " ind1=" " tag="042">
      <subfield code="a">dc</subfield>
   </datafield>
   <datafield ind2=" " ind1=" " tag="720">
      <subfield code="a">Lahoz Beltra, Rafael</subfield>
      <subfield code="e">author</subfield>
   </datafield>
   <datafield ind2=" " ind1=" " tag="260">
      <subfield code="c">2026-02-02</subfield>
   </datafield>
   <datafield ind2=" " ind1=" " tag="520">
      <subfield code="a">The growing presence of autonomous AI systems, such as self-driving cars and humanoid robots, raises critical ethical questions about how these technologies should make moral decisions. Most existing moral machine (MM) models rely on secular, utilitarian principles, which prioritize the greatest good for the greatest number but often overlook the religious and cultural values that shape moral reasoning across different traditions. This paper explores how theological perspectives, particularly those from Christian, Islamic, and East Asian ethical frameworks, can inform and enrich algorithmic ethics in autonomous systems. By integrating these religious values, the study proposes a more inclusive approach to AI decision making that respects diverse beliefs. A key innovation of this research is the use of large language models (LLMs), such as ChatGPT (GPT-5.2), to design with human guidance MM architectures that incorporate these ethical systems. Through Python 3 scripts, the paper demonstrates how autonomous machines, e.g., vehicles and humanoid robots, can make ethically informed decisions based on different religious principles. The aim is to contribute to the development of AI systems that are not only technologically advanced but also culturally sensitive and ethically responsible, ensuring that they align with a wide range of theological values in morally complex situations.</subfield>
   </datafield>
   <datafield ind1="8" ind2=" " tag="024">
      <subfield code="a">Lahoz-Beltra, R. (2026). Can Generative AI Co-Evolve with Human Guidance and Display Non-Utilitarian Moral Behavior? Computation, 14(2). https://doi.org/10.3390/COMPUTATION14020040</subfield>
   </datafield>
   <datafield ind1="8" ind2=" " tag="024">
      <subfield code="a">2079-3197</subfield>
   </datafield>
   <datafield ind1="8" ind2=" " tag="024">
      <subfield code="a">10.3390/computation14020040</subfield>
   </datafield>
   <datafield ind1="8" ind2=" " tag="024">
      <subfield code="a">https://hdl.handle.net/20.500.14352/134880</subfield>
   </datafield>
   <datafield ind1="8" ind2=" " tag="024">
      <subfield code="a">https://doi.org/10.3390/computation14020040</subfield>
   </datafield>
   <datafield ind1="8" ind2=" " tag="024">
      <subfield code="a">https://www.mdpi.com/2079-3197/14/2/40</subfield>
   </datafield>
   <datafield ind2="0" ind1="0" tag="245">
      <subfield code="a">Can Generative AI Co-Evolve with Human Guidance and Display Non-Utilitarian Moral Behavior?</subfield>
   </datafield>
</record></metadata></record></GetRecord></OAI-PMH>